Lietuvos metrika

Titel: Lietuvos metrika = Lithuanian metrica = Litovskaja metrika / Lietuvos Istorijos Institutas
Teil: 231
Teismų bylų knyga = Księga spraw sądowych
12. (1540 - 1543) : (XVI a. pabaogos kopija)
Körperschaft:
Veröffentlicht: Vilnius : Mokslo ir Enciklopediju̜ leidykla, 2007
Umfang: XLIII, 392 Seiten
Format: Buch
Sprache: Russisch
Schriftenreihe/
mehrbändiges Werk:
Lietuvos metrika / Lietuvos Istorijos Institutas ; 231 : Teismų bylų knyga ; 12
alle Bände anzeigen
ISBN: 9789986780946
Buchumschlag
X
Lokale Klassifikation: 45 5 E ; 45 12 F
alg: 21306773
001A    $03004:15-06-09 
001B    $01999:03-06-23 $t04:15:09.000 
001D    $03004:15-06-09 
001U    $0utf8 
001X    $00 
002@    $0Afu 
002C    $aText $btxt $2rdacontent 
002D    $aohne Hilfsmittel zu benutzen $bn $2rdamedia 
002E    $aBand $bnc $2rdacarrier 
003@    $0213067730 
003O    $0315816643 $aOCoLC 
004A    $A978-9986-780-94-6 
007A    $0213067730 $aHEB 
007G    $0DE0204FBED2042EBF547CC1257921002FA26B 
007T    $0Herdhh032171773+3231=Bd. 231 
009P    $qapplication/pdf $A2 $3Inhaltsverzeichnis $uhttp://scans.hebis.de/HEBCGI/show.pl?21306773_toc.pdf $mV:DE-603;B:DE-Mb50 
010@    $arus 
011@    $a2007 
021A    $a(1540 - 1543) $d(XVI a. pabaogos kopija) 
029F    $RInstitut istorii $RLietuvos Mokslu̜ Akademija $#Institutum Historicum Lituanum $#Istorijos Institutas Vilnius $#Lietuvos Mokslu̜ Akademija, Lietuvos Istorijos Institutas $#Lietuvos Mokslu̜ Akademija, Istorijos Institutas $#Lietuviu̜ Istorijos Institutas $#Lietuvos Mokslu̜ Akademija, Lietuviu̜ Istorijos Institutas $#Institute of Lithuanian History Vilnius $#Lietuvos Mokslu̜ Akademija, Institute of Lithuanian History $#Institut Istorii Litvy $#Lietuvos Mokslu̜ Akademija, Institut Istorii Litvy $#Lithuanian Institute of History Vilnius $#LLI $#Институт истории Литвы $73015195-8 $8Lietuvos Istorijos Institutas [Tb1] $9044065353 
033A    $pVilnius $nMokslo ir Enciklopediju̜ leidykla 
034D    $aXLIII, 392 Seiten 
036C    $aLietuvos metrika $fLithuanian metrica $fLitovskaja metrika $x3231 $hLietuvos Istorijos Institutas $l231 
036C/01 $aTeismų bylų knyga $fKsięga spraw sądowych $fCourt record book $fKniga sudnych del $l12 
036D    $x3231 $8Lietuvos metrika / Lietuvos Istorijos Institutas $9032171773 
045F    $a900.947930903 $eDDC23BSB 
045F/01 $a900 
045F/03 $f0903 
045F/03 $f09041 
045F/03 $g4793 
045F/03 $g4382 
045F/03 $g43832 
045G    $a340.09 $eDDC23BSB 
045G/01 $a340.09 
045G/03 $f0903 
045G/03 $f09041 
045G/03 $g4793 
046L    $aZusammenfassung in lit. u. englischer Sprache 

lok: 21306773 24
101B    $015-06-09 $t15:41:17.000 
101C    $015-06-09 
101U    $0utf8 
145Z/01 $a45 5 E 
145Z/02 $a45 12 F 

exp: 21306773 24 1 #EPN
201B/01 $015-06-09 $t15:41:17.000 
201C/01 $015-06-09 
201U/01 $0utf8 
203@/01 $0575959495 
208@/01 $a15-06-09 $bz 
209A/01 $a09.3372 $du $f050 $h09 3372 $x00 
209C/01 $a09.3372 K $h09 3372 K 
209G/01 $a72442601 $x00 
220C/01 $amar 
247C/01 $8358050-7 Marburg, Bibliothek des Herder-Instituts Marburg $9102600961 

lok: 21306773 78

exp: 21306773 78 1 #EPN
201B/01 $019-04-17 $t16:04:45.000 
201U/01 $0utf8 
203@/01 $0792605241 
208@/01 $a12-11-16 $be 
209A/01 $a/ $f000 $x00 
220C/01 $aAnmerkung: *ng 
237A/01 $aweiterführende Signatur(en): Herder-Institut: 09.3372 
244Z/01 $2Trx $#Litauen $#Lithuania $#Litwa $#Litva $#Litva $8--Trx--Lietuva $x01 $9391193457 
244Z/01 $2Trx $#Prusy Wschodnie i Zachodnie $8--Trx--Ost- und Westpreußen $x02 $939113373X 
245Z/01 $a03.03.01 $x01 
247C/01 $82080>Marburg/Lahn, Herder-Institut, Forschungsbibliothek, Bibliographieportal $9336309341
LEADER 00000cam a2200000 cc4500
001 213067730
003 DE-603
005 20230603041509.0
007 tu
008 090615s2007 xx |||| | u00||u|rus c
020 |a 9789986780946 
035 |a (DE-599)HEB213067730 
035 |a (OCoLC)315816643 
040 |a DE-603  |b ger  |c DE-603  |d DE-603 
041 |a rus 
082 0 4 |8 1\u  |a 900.947930903  |q DE-101  |2 23/BSB 
083 0 |8 2\u  |a 340.09  |q DE-101  |2 23/BSB 
085 |8 1\u  |b 900 
085 |8 1\u  |z 1  |s 0903 
085 |8 1\u  |z 1  |s 09041 
085 |8 1\u  |z 2  |s 4793 
085 |8 1\u  |z 2  |s 4382 
085 |8 1\u  |z 2  |s 43832 
085 |8 2\u  |b 340.09 
085 |8 2\u  |z 1  |s 0903 
085 |8 2\u  |z 1  |s 09041 
085 |8 2\u  |z 2  |s 4793 
245 0 0 |a Lietuvos metrika  |b = Lithuanian metrica = Litovskaja metrika  |n 231  |n [...]  |p Teismų bylų knyga = Księga spraw sądowych  |n 12  |p (1540 - 1543) : (XVI a. pabaogos kopija)  |c Lietuvos Istorijos Institutas 
264 1 |a Vilnius  |b Mokslo ir Enciklopediju̜ leidykla  |c 2007 
300 |a XLIII, 392 Seiten 
336 |a Text  |b txt  |2 rdacontent 
337 |a ohne Hilfsmittel zu benutzen  |b n  |2 rdamedia 
338 |a Band  |b nc  |2 rdacarrier 
546 |a Zusammenfassung in lit. u. englischer Sprache 
710 2 |a Lietuvos Istorijos Institutas  |0 (DE-603)044065353  |0 (DE-588)3015195-8  |2 gnd 
773 0 8 |q 3231  |w (DE-603)032171773 
856 4 2 |m V:DE-603;B:DE-Mb50  |q application/pdf  |u http://scans.hebis.de/HEBCGI/show.pl?21306773_toc.pdf  |3 Inhaltsverzeichnis 
924 0 |9 Mb 50  |a (DE-603)575959495  |b DE-Mb50  |c HES  |d c  |g 09.3372 
924 0 |9 2080  |a (DE-603)792605241  |b DE-2080  |c HES  |d d  |g /